Statistics for Greek Mythology

Click here to take the quiz!

General Stats

  • This quiz has been taken 88 times
  • The average score is 36 of 56

Answer Stats

HintAnswer% Correct
Goddess of Marriage, Queen of the Gods.Hera
100%
God of Violent War.Ares
97%
Who stole Apollo's cows as a baby?Hermes
97%
God of Messengers, Thieves and Travellers.Hermes
97%
God of the Ocean and Horses, King of the Seas.Poseidon
97%
Goddess of Strategic War, Wisdom and Creative Arts.Athena
95%
God of Wealth and the Dead, King of the Underworld.Hades
95%
Goddess of Agriculture, one of the original 6 Olympians.Demeter
94%
Goddess of Spring, Queen of the Underworld.Persephone
92%
God of the Skies, King of the Gods.Zeus
92%
Goddess of Love and Beauty.Aphrodite
91%
God of Music, Plague, Medicine and the Arts.Apollo
91%
God of Wine, sometimes referred to as one of the 12 Olympians.Dionysus
91%
Goddess of the Hearth, one of the original 6 Olympians.Hestia
89%
Personification of the Earth.Gaia
88%
Half bull, half man hybrid.Minotaur
86%
Titan of Time, King of the Titans.Cronos
84%
Slayed the above.Perseus
83%
Goddess of Discord.Eris
81%
God of Blacksmiths and Fire.Hephaestus
81%
God of Love and Desire.Eros
80%
The Best of the Greeks.Achilles
78%
The most famous of the above.Medusa
75%
Who killed the above?Theseus
73%
Creatures who could turn people to stone.Gorgon
72%
Completed 12 labours.Heracles
72%
Goddess of Victory.Nike
72%
King of Ithaca, it took him 10 years to get home.Odysseus
72%
God of Death.Thanatos
72%
Caused the entire Trojan War.Paris
70%
Titaness of Motherhood and Fertility, Queen of the Titans.Rhea
69%
Goddess of Magic and Crossroads, sometimes referred to as a titan.Hecate
67%
Monster with at least 5 heads.Hydra
67%
God of Sleep.Hypnos
67%
Goddess of Vengeance.Nemesis
64%
Wrote the Iliad and the Odyssey.Homer
63%
The Ferryman of Hades.Charon
61%
Where did the Trojan War take place?Troy
61%
Goddess of the Sea, Queen of the Seas.Amphitrite
55%
Prince of Troy.Hector
55%
God of Dreams.Morpheus
47%
The wife of the above.Penelope
45%
Trained heroes such as Achilles and Heracles.Chiron
42%
Which lover did Apollo turn into a flower?Hyacinthus
36%
Best of the Myrmidons, Companion/Lover of the above.Patroclus
34%
Doomed to push a boulder up a hill in Tartarus.Sisyphus
34%
Which of Apollo's lovers turned into a tree?Daphne
33%
Who is Hermes' mother?Maia
31%
Personification of the Pit.Tartarus
31%
King of Troy.Priam
30%
Dionysus' first wife.Ariadne
20%
Tricked the Gods into eating his children.Tantalus
20%
Titan of the Skies.Uranos
20%
Chthonic Goddesses of Venegance.The Furies
13%
Son of Zeus, fought in the Trojan War.Sarpedon
3%
Greek poet.Sappho
0%

Score Distribution

Percentile by Number Answered

Percent of People with Each Score

Your Score History

You have not taken this quiz